El mundo primitivo y sus transformaciones /

Guardado en:
Detalles Bibliográficos
Autor principal: Redfield, Robert (autor)
Formato: Libro
Idioma:Español
Publicado: México : Fondo de Cultura Económica, 1963, c1963
Colección:(Colección Popular ; 48)
Temas:
Etiquetas: Agrega una etiqueta
Sin etiquetas, Sé el primero en etiquetar este registro!

MARC

LEADER 00000nam^a2200000^a^4500
001 000258883
005 20250521000000.0
009 20260310110344.806
037 |a Acervo Xavier Clavigero 
041 |a ESP 
082 |a 930. 1  |b RED 
100 |a Redfield, Robert  |e (autor) 
245 1 3 |a El mundo primitivo y sus transformaciones /  |c R. Redfrield ; tr. por Francisco González Aramburo. 
264 4 |a México :  |b Fondo de Cultura Económica,  |c 1963, c1963 
300 |a 198 p. 
336 |a texto  |b txt  |2 rdacontenido 
337 |a sin mediación  |b n  |2 rdamedio 
338 |a volumen  |b nc  |2 rdasoporte 
440 1 |a (Colección Popular ;  |v 48) 
500 |a Traducción de: The Primitive World and its Transformations 
649 |a XX 
650 |a Civilización -  |x Historia 
650 |a Sociedad -  |x Historia 
650 |a Hombre Prehistórico 
650 |a Cambios Sociales y Culturales 
650 |a Prehistoria 
650 |a Historia Antigua 
910 |a Fondo General 
920 |a Impresos - Libros 
930 |a Colección General 
905 |a 101 
901 |a 044931  |b IT1  |c ACC  |u 20250521 
902 |a https://opac.biblio.iteso.mx/vufind/Record/000258883